000
00274nam a2200121Ia 4500
100
_a
Intel
942
_c
BK
654
_a
intel
245
_a
80386:Hardware reference manual
260
_b
Intel Publication
_a
Santacruz
_c
1987
082
_a
621.281953
_b
INT
546
_a
ENGLISH
999
_c
30041
_d
30041